000 01678cam a2200349 i 4500
001 17842419
005 20140925134931.0
008 130731t20152015paua b 001 0 eng
010 _a 2013030734
020 _a9781451190359 (alk. paper)
020 _a1451190352 (alk. paper)
035 _a(DNLM)101613807
040 _aDNLM/DLC
_cDLC
_erda
_dDLC
042 _apcc
050 0 0 _aRT 84.5
_b.J637 2015
060 1 0 _aWY 86
082 0 0 _a610.73/01
100 1 _aJohnson, Betty M.,
_eauthor.
245 1 3 _aAn introduction to theory and reasoning in nursing /
_cBetty M. Johnson, PhD, Professor Emeritus and Former Chair, Department of Nursing, The University of Virginia's College at Wise, Wise, Virginia, Pamela B. Webber, PhD, APRN, BC, FNP, Professor, Division of Nursing, Shenandoah University, Winchester Virginia.
250 _a4th ed.
260 _aPhiladelphia :
_bWolters Kluwer/Lippincott Williams & Wilkins Health,
_cc2015.
300 _axxiii, 340 pages :
_billustrations (some color) ;
_c23 cm.
504 _aIncludes bibliographical references and index.
505 0 _aAn introduction -- Language, meanings, structure, and relationships -- Theory, research, and reasoning -- Reasoning and technology -- Support theory -- Foundations of nursing theory -- Nursing theory -- Theory evaluation -- Introduction to research -- Theory and practice -- Multidisciplinary theory -- The future.
650 0 _aNursing
_xPhilosophy
650 1 2 _aNursing Theory.
650 2 2 _aPhilosophy, Nursing.
700 1 _aWebber, Pamela Bayliss,
_eauthor.
906 _a7
_bcbc
_corignew
_d1
_eecip
_f20
_gy-gencatlg
942 _2lcc
_cBK
_kFOR
999 _c275875
_d275875